00722nam a22002291 450000100060000000300080000600500170001400800390003103500190007003500190008904000380010804100080014608200180015410000570017224500310022926000900026030000210035049000520037150400310042365000150045465000230046933424BD-RjUL20211209052015.0140507r19661949u 001 0 eng a(BD-RjUL)33515 a(OCoLC)1484786 aDLCcFMdOCoLCdDLCdBD-RjULbeng aeng a301bSPS 19661 aSprott, W. J. H.q(Walter John Herbert),d1897-1971.00aSociology /cW.J.H. Sprott aLondon ;aNew York :bHutchinson's University Library,cc1949 [impression 1964, 1966] a192 p. ;c20 cm.0 aHutchinson's university library: Politics,v34 aBibilography: p. 185-188. 0aSociology. 0aSocial psychology.